PinkPantheress - Paroles Stateside + Zara Larsson - Statistiques

Statistiques générales
  • Ce quiz a été pris 36 fois
  • Le résultat moyen est 370 sur 476
Statistiques - réponses
Hint Réponse % Correct
a
100%
ah
100%
ah)
100%
Pré-refrain Ah
100%
(Ah
100%
ah,
100%
Intro (Ah
100%
ha,
100%
(Ha,
100%
ha)
100%
Ha,
100%
ha
100%
huh)
100%
I
100%
(Mwah)
100%
my
100%
My
100%
Pré-refrain Oh,
100%
oh
100%
oh,
100%
Oh
100%
ooh,
100%
ooh
100%
(Uh
100%
woah
100%
be
96%
to
96%
to,
96%
American,
93%
American
93%
boy
93%
(Boy)
93%
boy)
93%
I'm
93%
stateside
93%
boost
89%
ego
89%
in
89%
Kissing
89%
over
89%
Swedish
89%
that
89%
you
89%
you?
89%
you)
89%
Refrain You
89%
been
85%
can
85%
Dream
85%
FaceTime
85%
is
85%
Post-refrain Is
85%
out
85%
that's
85%
the
85%
up
85%
Who
85%
but
81%
But
81%
do?
81%
for
81%
girl
81%
girl,
81%
Couplet 1 It
81%
it
81%
it,
81%
I've
81%
me,
81%
me
81%
me?
81%
(Me)
81%
Boots,
78%
feel
78%
freezing
78%
inside,
78%
LA
78%
outside,
78%
plane
78%
Yeah,
78%
fly
74%
here
74%
when
74%
When
74%
with
74%
your
74%
all
70%
Couplet 2 All
70%
at
70%
'Cause
70%
know
70%
like
70%
minute
70%
say?
70%
say
70%
so
70%
tonight
70%
Refrain What
70%
don't
67%
feelings
67%
knew
67%
look
67%
on
67%
opening
67%
right?
67%
right
67%
skin
67%
Stockholm
67%
touring
67%
you're
67%
(You're
67%
And
63%
headline?
63%
into
63%
(Into
63%
loose
63%
make
63%
Never
63%
No
63%
talking
63%
Tell
63%
would
63%
away
59%
away)
59%
can't
59%
coat
59%
Schedule
59%
before
56%
control
56%
how
56%
if
56%
I'll
56%
met
56%
put
56%
same
56%
same?
56%
stay
56%
taking
56%
way
56%
worth
56%
ain't
52%
British
52%
fade
52%
(Fade
52%
next
52%
this
52%
tight
52%
time
52%
years
52%
door
48%
flying
48%
going
48%
hit
48%
insane,
48%
knocking
48%
Now
48%
one
48%
see
48%
stage
48%
Where
48%
abroad
44%
Are
44%
did
44%
get
44%
nice,
44%
ride
44%
run
44%
treats
44%
Why
44%
boys
41%
those
41%
tracked
41%
tryna
41%
work
41%
bedside
37%
intercontinental
37%
maybe
37%
sounds
37%
through
37%
Worries
37%
flight
33%
take
33%
too?
33%
(Too)
33%
Wait
33%
want
33%
baby)
30%
land
22%
Yet
19%
(Hey,
7%
Leave
7%
hеre
0%
onе
0%
Aucun quiz correspondant
Distribution des résultats
% des personnes avec chaque résultat
Percentile par nombre de réponses
Votre historique - résultats
Vous n’avez pas pris ce quiz